| 000 | 00498pab a2200181 454500 | ||
|---|---|---|---|
| 008 | 180718b2010 xxu||||| |||| 00| 0 eng d | ||
| 100 | _aLi, Vic | ||
| 245 | _aChina's "Green GDP" experiment and the struggle for ecological modernisation | ||
| 260 | _c2010 | ||
| 300 | _ap.44-62. | ||
| 362 | _aFeb | ||
| 650 | _aEnvironmental conservation - China | ||
| 650 | _aEnvironmental conservation | ||
| 700 | _aLang, Graeme | ||
| 773 | _aJournal of Contemporary Asia | ||
| 908 | _aN | ||
| 909 | _a86078 | ||
| 999 |
_c86078 _d86078 |
||